| 000 | 00972nam a2200169Ia 4500 | ||
|---|---|---|---|
| 008 | 090711s9999 xx 000 0 und d | ||
| 082 | _b972 | ||
| 100 | _aसोवनी रा. वि. / नारळीकर जयंत | ||
| 245 | _aआयसँक न्यूटन (विश्वाला गवसणी घालणारा प्रज्ञावंत) | ||
| 260 |
_bआँक्सफर्ड युनिवर्सिटीं प्रेस _c1991/92 |
||
| 300 | _a27 | ||
| 600 | _aसोवनी रा. वि. / नारळीकर जयंत | ||
| 630 | _aआयसँक न्यूटन (विश्वाला गवसणी घालणारा प्रज्ञावंत) | ||
| 700 | _aसोवनी रा. वि. / नारळीकर जयंत | ||
| 730 | _aआयसँक न्यूटन (विश्वाला गवसणी घालणारा प्रज्ञावंत) | ||
| 942 | _cBOOK | ||
| 999 |
_c324462 _d324462 |
||